书目信息 |
| 题名: |
电路数学
|
|
| 作者: | 罗成林 主编 | |
| 分册: | ||
| 出版信息: | 北京 人民邮电出版社 2005.09 |
|
| 页数: | 181页 | |
| 开本: | 26cm | |
| 丛书名: | 高职电工电子系列教材 | |
| 单 册: | ||
| 中图分类: | TM13 | |
| 科图分类: | ||
| 主题词: | 相移误差 | |
| 电子资源: | ||
| ISBN: | 7-115-13524-X | |
| 000 | 00849nam 2200241 450 | |
| 001 | 010278966519 | |
| 005 | 20051019152740.82 | |
| 010 | @a7-115-13524-X@dCNY19.00 | |
| 100 | @a20051019d2005 km y0chiy0120 ea | |
| 101 | 0 | @achi |
| 102 | @aCN@b110000 | |
| 105 | @aa z 000yy | |
| 200 | 1 | @a电路数学@Adian lu shu xue@f罗成林主编@Fluo cheng lin zhu bian |
| 210 | @a北京@c人民邮电出版社@d2005.09 | |
| 215 | @a181页@c图@d26cm | |
| 225 | 2 | @a高职电工电子系列教材 |
| 330 | @a本书内容包括数学基础知识及其应用、极限与连续、微分学及其应用、积分学及其应用、微分方程、无穷级数、傅里叶级数和拉普拉斯变换。书中每章均附有习题,书末附有答案,带“*”号的内容为选用。 | |
| 410 | 0 | @12001 @a高职电工电子系列教材 |
| 606 | 0 | @a相移误差 |
| 690 | @aTM13@v4 | |
| 701 | 0 | @a罗成林@Aluo cheng lin@4主编 |
| 801 | 0 | @aCN@bQSSK@c20051019 |
| 905 | @a10447@dTM13@eL933 | |
| 电路数学/罗成林主编.-北京:人民邮电出版社,2005.09 |
| 181页:图;26cm.-(高职电工电子系列教材) |
| ISBN 7-115-13524-X:CNY19.00 |
| 本书内容包括数学基础知识及其应用、极限与连续、微分学及其应用、积分学及其应用、微分方程、无穷级数、傅里叶级数和拉普拉斯变换。书中每章均附有习题,书末附有答案,带“*”号的内容为选用。 |
| ● |
| 相关链接 |
|
|
|
正题名:电路数学
索取号:TM13/L933
 
预约/预借
| 序号 | 登录号 | 条形码 | 馆藏地/架位号 | 状态 | 备注 |
| 1 | 575166 | 205751667 | 自科二线404/301自科库 5排3列5层/ [索取号:TM13/L933] | 在馆 | |
| 2 | 575167 | 205751676 | 自科库301/301自科库 8排1列5层/ [索取号:TM13/L933] | 在馆 | |
| 3 | 575168 | 205751685 | 自科库301/301自科库 8排1列5层/ [索取号:TM13/L933] | 在馆 |